Statistiques concernant Anagrammes - Prénoms masculins - Série 08

Cliquez ici pour prendre le quiz!

Statistiques générales

  • Ce quiz a été pris 149 fois
  • Le résultat moyen est 7 sur 10

Statistiques - réponses

AnagrammePrénom% Correct
LUJESJules
97%
NIJEULJulien
92%
LAPHONESAlphonse
80%
OVNIIvon
75%
CHAILLEAchille
74%
PHOLADEAdolphe
71%
ARENESArsene
56%
SOMNOLASalomon
44%
CONTENIRCorentin
39%
ACIGNEIgnace
21%

Distribution des résultats

Percentile par nombre de réponses

% des personnes avec chaque résultat

Votre développement - résultats

Vous n’avez pas pris ce quiz